[Event "FLORIPA CHESS MASTERS 2015 - Norma de GM - ID CBX "]
[Site "FlorianÃ³polis/SC"]
[Date "2015.01.19"]
[Round "1"]
[Board "1"]
[White "Barbosa, Evandro Amorim"]
[Black "Paveto, Kevin"]
[Result "1/2-1/2"]
[WhiteElo "2449"]
[BlackElo "2437"]
[PlyCount "129"]
[EventDate "2015.01.19"]
[EventRounds "9"]
[EventCountry "BRA"]

1. e4 e5 2. Nf3 Nc6 3. d4 exd4 4. Nxd4 Nf6 5. Nxc6 bxc6 6. e5 Nd5 7. c4 Nb6 8.
Bd3 Bb4+ 9. Nc3 O-O 10. O-O Qe7 11. Bf4 d5 12. Qh5 g6 13. Qh6 Ba6 14. Rae1 Rfe8
15. Re3 Qf8 16. Qxf8+ Kxf8 17. cxd5 Bxc3 18. Bxa6 Bd2 19. Bb7 Bxe3 20. fxe3
cxd5 21. Bxa8 Nxa8 22. Rc1 Rb8 23. b3 Ke7 24. Rc5 Ke6 25. Rc6+ Kd7 26. Rf6 Ke8
27. e6 fxe6 28. Rxe6+ Kf7 29. Rc6 Rb6 30. Rc5 c6 31. Ra5 Rb7 32. Kf2 Ke6 33. e4
dxe4 34. Ke3 Nb6 35. Kxe4 Nd5 36. Be3 Nxe3 37. Kxe3 Kd6 38. Kf4 Rf7+ 39. Kg4 c5
40. Ra6+ Ke5 41. g3 Rc7 42. Kg5 Rf7 43. g4 Rc7 44. h4 Rd7 45. h5 gxh5 46. gxh5
Rg7+ 47. Kh6 Rc7 48. Ra4 Kf5 49. Rc4 a5 50. a3 Rc6+ 51. Kxh7 Rc7+ 52. Kh6 Rc6+
53. Kg7 Rc7+ 54. Kf8 Kf6 55. Ke8 Ke6 56. Re4+ Kd5 57. Rh4 Ke6 58. Kd8 Kd6 59.
h6 Rh7 60. Ke8 Ke6 61. Kf8 Kf6 62. Kg8 Rb7 63. Rh3 Rb8+ 64. Kh7 Rb7+ 65. Kg8
 1/2-1/2

[Event "FLORIPA CHESS MASTERS 2015 - Norma de GM - ID CBX "]
[Site "FlorianÃ³polis/SC"]
[Date "2015.01.19"]
[Round "1"]
[Board "2"]
[White "Stamenkovic, Dragan"]
[Black "Feliciano Ebert, Vanessa"]
[Result "1-0"]
[WhiteElo "2409"]
[BlackElo "2290"]
[PlyCount "85"]
[EventDate "2015.01.19"]
[EventRounds "9"]
[EventCountry "BRA"]

1. d4 Nf6 2. Bg5 d5 3. e3 c5 4. c3 Nc6 5. Nf3 Qb6 6. Qb3 c4 7. Qc2 Bf5 8. Qc1
e6 9. Nbd2 Be7 10. Be2 h6 11. Bh4 O-O 12. b3 cxb3 13. axb3 Rfc8 14. Qb2 Nb4 15.
O-O Nd3 16. Bxd3 Bxd3 17. Rfc1 g5 18. Bg3 a5 19. Ne5 Bf5 20. Ra2 Nh5 21. Rca1
Nxg3 22. hxg3 f6 23. g4 fxe5 24. gxf5 exd4 25. exd4 exf5 26. Qc2 Qe6 27. Qd3 b6
28. b4 Bd8 29. Nf3 Bc7 30. Re2 Qd7 31. bxa5 bxa5 32. Ne5 Bxe5 33. Rxe5 a4 34.
Rxf5 Rxc3 35. Rxg5+ hxg5 36. Qxc3 Rc8 37. Qe3 g4 38. Qg5+ Kf8 39. f3 gxf3 40.
Re1 Re8 41. Rf1 Qg7 42. Rxf3+ Kg8 43. Qxd5+ 1-0

[Event "FLORIPA CHESS MASTERS 2015 - Norma de GM - ID CBX "]
[Site "FlorianÃ³polis/SC"]
[Date "2015.01.19"]
[Round "1"]
[Board "4"]
[White "Quintiliano Pinto, Renato R."]
[Black "Disconzi Da Silva, Rodrigo"]
[Result "1-0"]
[WhiteElo "2364"]
[BlackElo "2362"]
[PlyCount "133"]
[EventDate "2015.01.19"]
[EventRounds "9"]
[EventCountry "BRA"]

1. d4 Nf6 2. c4 e6 3. Nf3 b6 4. g3 c6 5. Bg2 Be7 6. O-O O-O 7. Nc3 d5 8. b3 Ba6
9. Bf4 Nbd7 10. Qc2 Rc8 11. Rfd1 Nh5 12. Bc1 f5 13. a4 h6 14. a5 b5 15. c5 g5
16. Na2 Bb7 17. a6 Ba8 18. Nb4 g4 19. Ne1 Bf6 20. Bxh6 Rf7 21. f3 Rh7 22. fxg4
Nxg3 23. hxg3 Rxh6 24. gxf5 exf5 25. Qxf5 Qe7 26. e4 Rf8 27. Qg4+ Kh8 28. e5
Nxe5 29. dxe5 Bxe5 30. Rac1 Bb2 31. Nf3 Qe3+ 32. Kf1 Bxc1 33. Nd3 Qe4 34. Nf2
Qc2 35. Qd4+ Kg8 36. Re1 Bb2 37. Qe3 Bg7 38. g4 d4 39. Qd3 Qxc5 40. Ne4 Qd5 41.
g5 Re6 42. Nf6+ Bxf6 43. Rxe6 Bg7 44. Qg6 c5 45. Re8 d3 46. Rxf8+ Kxf8 47. Ne1
Qe5 48. Qxd3 Bxg2+ 49. Nxg2 Qxg5 50. Qxb5 Qf5+ 51. Ke2 Qg4+ 52. Kd3 Qd1+ 53.
Ke4 Qc2+ 54. Kf3 Qd1+ 55. Ke4 Qd4+ 56. Kf3 Qd5+ 57. Kg3 Be5+ 58. Nf4 Qd4 59.
Qf1 Qe3+ 60. Kg4 Kg8 61. Qc4+ Kg7 62. Nh5+ Kh6 63. Qe6+ Kh7 64. Nf6+ Kg7 65.
Nh5+ Kh7 66. Kf5 Bd4 67. Nf6+ 1-0

[Event "FLORIPA CHESS MASTERS 2015 - Norma de GM - ID CBX "]
[Site "FlorianÃ³polis/SC"]
[Date "2015.01.20"]
[Round "2"]
[Board "1"]
[White "Paveto, Kevin"]
[Black "Molina, Roberto Junio Brito"]
[Result "0-1"]
[WhiteElo "2437"]
[BlackElo "2408"]
[PlyCount "80"]
[EventDate "2015.01.19"]
[EventRounds "9"]
[EventCountry "BRA"]

1. e4 c5 2. Nf3 e6 3. d4 cxd4 4. Nxd4 Nc6 5. Nxc6 bxc6 6. Bd3 Nf6 7. O-O d5 8.
Nd2 Qc7 9. Qe2 Bd6 10. h3 O-O 11. b3 e5 12. Bb2 Re8 13. Rfe1 Bd7 14. Rad1 a5
15. Nf3 Rad8 16. a3 h6 17. Kh1 dxe4 18. Bxe4 Nxe4 19. Qxe4 f5 20. Qd3 Bc8 21.
Qc4+ Be6 22. Qc3 Bd5 23. Nh4 e4 24. Nxf5 Be5 25. Nd4 c5 26. Nb5 Qb6 27. Rxd5
Bxc3 28. Rxd8 Bxb2 29. Rxe8+ Kf7 30. R8xe4 Qxb5 31. Rd1 Bd4 32. a4 Qb4 33. Rd3
Qa3 34. Rf3+ Kg8 35. c4 Qc1+ 36. Kh2 Qc2 37. Re8+ Kh7 38. Ref8 Bc3 39. Re8 Qxb3
40. Ree3 Qb8+ 0-1

[Event "FLORIPA CHESS MASTERS 2015 - Norma de GM - ID CBX "]
[Site "FlorianÃ³polis/SC"]
[Date "2015.01.20"]
[Round "2"]
[Board "4"]
[White "Feliciano Ebert, Vanessa"]
[Black "Rodriguez Vila, Andres"]
[Result "0-1"]
[WhiteElo "2290"]
[BlackElo "2444"]
[PlyCount "54"]
[EventDate "2015.01.19"]
[EventRounds "9"]
[EventCountry "BRA"]

1. e4 e6 2. d4 d5 3. Nc3 Bb4 4. e5 Ne7 5. a3 Bxc3+ 6. bxc3 b6 7. Qg4 Ng6 8. h4
h5 9. Qd1 Qd7 10. Be2 Qc6 11. Rh3 Ba6 12. Bxh5 Nxh4 13. Rxh4 g6 14. Bd2 Nd7 15.
Bxg6 Rxh4 16. Bxf7+ Kxf7 17. Qf3+ Ke8 18. O-O-O Qa4 19. Kb2 Nf8 20. Qf6 Rh7 21.
Nh3 Qb5+ 22. Kc1 Qa4 23. Kb2 Bd3 24. Rc1 Bf5 25. g4 Qb5+ 26. Ka1 Bxc2 27. Rxc2
Rxh3 0-1

[Event "FLORIPA CHESS MASTERS 2015 - Norma de GM - ID CBX "]
[Site "FlorianÃ³polis/SC"]
[Date "2015.01.20"]
[Round "2"]
[Board "5"]
[White "Barbosa, Evandro Amorim"]
[Black "Stamenkovic, Dragan"]
[Result "1/2-1/2"]
[WhiteElo "2449"]
[BlackElo "2409"]
[PlyCount "64"]
[EventDate "2015.01.19"]
[EventRounds "9"]
[EventCountry "BRA"]

1. e4 c5 2. Nf3 d6 3. Bb5+ Bd7 4. Bxd7+ Qxd7 5. O-O Nf6 6. Qe2 Nc6 7. Rd1 e6 8.
d4 cxd4 9. Nxd4 Rc8 10. c4 Nxd4 11. Rxd4 Qc6 12. Nc3 a6 13. b3 Be7 14. Ba3 Nd7
15. Qd1 Nc5 16. b4 e5 17. b5 Qd7 18. Rd5 axb5 19. Nxb5 Nxe4 20. Qe2 Qf5 21.
Bxd6 Nxd6 22. Rxe5 Qf6 23. Re1 O-O 24. Rxe7 Nxc4 25. Rxb7 Qa6 26. Qe7 Qxa2 27.
Nd4 Qd2 28. Nf5 Qf4 29. Qd7 Rcd8 30. Ne7+ Kh8 31. Qf5 Qxf5 32. Nxf5 h6 1/2-1/2

[Event "FLORIPA CHESS MASTERS 2015 - Norma de GM - ID CBX "]
[Site "FlorianÃ³polis/SC"]
[Date "2015.01.20"]
[Round "3"]
[Board "1"]
[White "Stamenkovic, Dragan"]
[Black "Paveto, Kevin"]
[Result "1-0"]
[WhiteElo "2409"]
[BlackElo "2437"]
[PlyCount "67"]
[EventDate "2015.01.19"]
[EventRounds "9"]
[EventCountry "BRA"]

1. d4 Nf6 2. Bg5 e6 3. e4 h6 4. Bxf6 Qxf6 5. c3 d6 6. Bd3 c5 7. d5 Nd7 8. Nf3
e5 9. Nbd2 g6 10. a4 Bg7 11. Nc4 O-O 12. O-O Qe7 13. g3 Nf6 14. Nh4 Bh3 15. Re1
Rad8 16. a5 Nh7 17. Ne3 Bf6 18. Nhg2 h5 19. f4 Bg7 20. Qf3 Nf6 21. Nc4 Ng4 22.
Nge3 Bh6 23. Bf1 Bxf1 24. Rxf1 exf4 25. gxf4 Rfe8 26. Rae1 Nf6 27. e5 dxe5 28.
d6 Qe6 29. fxe5 Bxe3+ 30. Nxe3 Nd7 31. Nd5 Kg7 32. Nc7 Qg4+ 33. Qxg4 hxg4 34.
e6 1-0

[Event "FLORIPA CHESS MASTERS 2015 - Norma de GM - ID CBX "]
[Site "FlorianÃ³polis/SC"]
[Date "2015.01.20"]
[Round "3"]
[Board "2"]
[White "Rodriguez Vila, Andres"]
[Black "Barbosa, Evandro Amorim"]
[Result "1/2-1/2"]
[WhiteElo "2444"]
[BlackElo "2449"]
[PlyCount "89"]
[EventDate "2015.01.19"]
[EventRounds "9"]
[EventCountry "BRA"]

1. d4 Nf6 2. Nf3 g6 3. b3 Bg7 4. Bb2 O-O 5. e3 d5 6. c4 c5 7. dxc5 Na6 8. cxd5
Nxc5 9. b4 Nce4 10. Qb3 Ng4 11. Bxg7 Kxg7 12. Be2 Ngxf2 13. O-O Ng4 14. Nc3 Nd6
15. Na4 Bd7 16. Nc5 a5 17. bxa5 Bc8 18. Nd4 Qxa5 19. Nde6+ Bxe6 20. Qb2+ Kg8
21. Nxe6 fxe6 22. Bxg4 Qxd5 23. Rfd1 Qe4 24. Qd4 Qxd4 25. Bxe6+ Kg7 26. exd4
Rf4 27. Bd5 Re4 28. Re1 Rxe1+ 29. Rxe1 Kf8 30. Bb3 Rc8 31. Kf2 Nf5 32. Rd1 Rd8
33. d5 Rc8 34. Ke2 Kg7 35. g4 Nd6 36. Kd3 Rf8 37. Re1 Rf3+ 38. Re3 Rxe3+ 39.
Kxe3 Kf6 40. Kd4 Kg5 41. Bd1 Kf4 42. Kc5 g5 43. a4 Ke3 44. a5 Kf4 45. Be2
 1/2-1/2

[Event "FLORIPA CHESS MASTERS 2015 - Norma de GM - ID CBX "]
[Site "FlorianÃ³polis/SC"]
[Date "2015.01.20"]
[Round "3"]
[Board "3"]
[White "Quintiliano Pinto, Renato R."]
[Black "Feliciano Ebert, Vanessa"]
[Result "1/2-1/2"]
[WhiteElo "2364"]
[BlackElo "2290"]
[PlyCount "125"]
[EventDate "2015.01.19"]
[EventRounds "9"]
[EventCountry "BRA"]

1. d4 Nf6 2. Nf3 e6 3. g3 d5 4. c4 dxc4 5. Bg2 Bb4+ 6. Bd2 c5 7. O-O O-O 8.
dxc5 Bxc5 9. Qc2 Nbd7 10. Qxc4 b5 11. Qxb5 Rb8 12. Qc4 Rxb2 13. Bc3 Rb8 14.
Nbd2 Bb7 15. Rac1 Bd5 16. Qa4 Qe7 17. e4 Bb7 18. Nd4 Rfc8 19. Ba1 Ne5 20. Nc4
Nfd7 21. Nxe5 Nxe5 22. Qa5 Nd7 23. Nb3 Bb6 24. Qd2 Rd8 25. Qf4 e5 26. Qf5 g6
27. Qg4 a5 28. Rfd1 Nf6 29. Qg5 Bxf2+ 30. Kh1 Rxd1+ 31. Rxd1 Re8 32. Nxa5 Bxe4
33. Bxe4 Nxe4 34. Qxe7 Rxe7 35. Rd8+ Kg7 36. Nc6 Rb7 37. Bxe5+ f6 38. Rb8 Rxb8
39. Bxb8 Nc3 40. Kg2 Bc5 41. Bf4 Nxa2 42. Bd2 Kf7 43. Kf3 Ke6 44. Na5 Bb4 45.
Bxb4 Nxb4 46. Nc4 Nc6 47. Ne3 h5 48. h4 Ke5 49. Nc4+ Kd4 50. Ne3 Ne5+ 51. Kf4
Nd3+ 52. Kf3 Ke5 53. Ng2 g5 54. g4 hxg4+ 55. Kxg4 gxh4 56. Kxh4 Ke4 57. Kg4 f5+
58. Kg3 Ne5 59. Nf4 Ng4 60. Ng6 Ne3 61. Kf2 Nc4 62. Nh4 f4 63. Ng2 1/2-1/2

[Event "FLORIPA CHESS MASTERS 2015 - Norma de GM - ID CBX "]
[Site "FlorianÃ³polis/SC"]
[Date "2015.01.20"]
[Round "3"]
[Board "5"]
[White "Molina, Roberto Junio Brito"]
[Black "Disconzi Da Silva, Rodrigo"]
[Result "1-0"]
[WhiteElo "2408"]
[BlackElo "2362"]
[PlyCount "123"]
[EventDate "2015.01.19"]
[EventRounds "9"]
[EventCountry "BRA"]

1. d4 f5 2. Nf3 Nf6 3. c4 e6 4. g3 d5 5. Bg2 c6 6. O-O Bd6 7. Qc2 O-O 8. Ne5 b6
9. Nc3 a6 10. Rd1 Bb7 11. Na4 Nbd7 12. Nd3 Qe7 13. Bf4 Bxf4 14. gxf4 Rab8 15.
cxd5 cxd5 16. Rac1 Ne4 17. f3 Nd6 18. e3 Nc4 19. Qe2 Bc6 20. Nc3 Rbc8 21. b3
Na3 22. Qd2 a5 23. Nf2 b5 24. Ne2 b4 25. Ng3 Bb5 26. Re1 Nb6 27. Bf1 Bxf1 28.
Kxf1 Nb5 29. Ne2 Qf7 30. Nd3 Nd7 31. Nc5 Nxc5 32. Rxc5 Rxc5 33. dxc5 d4 34. Kf2
dxe3+ 35. Qxe3 Qd7 36. Rc1 Rc8 37. Kg3 Rc6 38. h4 Kf7 39. Qe5 Qd8 40. Kh3 Qc7
41. Qe3 Qd7 42. Kg3 Qd5 43. Qe5 Qd8 44. h5 Qc7 45. Kf2 Qxe5 46. fxe5 g6 47.
hxg6+ hxg6 48. f4 Ke7 49. Ke3 Rc8 50. c6 Kd8 51. Rc5 Nc7 52. Nd4 Ra8 53. Rc1
Nd5+ 54. Kf3 Ke7 55. Rh1 Rf8 56. Rh6 Rf7 57. Rxg6 Nc7 58. Rg8 Rh7 59. Rc8 Nd5
60. c7 Kd7 61. Rd8+ Kxc7 62. Nxe6+ 1-0

[Event "FLORIPA CHESS MASTERS 2015 - Norma de GM - ID CBX "]
[Site "FlorianÃ³polis/SC"]
[Date "2015.01.21"]
[Round "4"]
[Board "1"]
[White "Paveto, Kevin"]
[Black "Disconzi Da Silva, Rodrigo"]
[Result "1-0"]
[WhiteElo "2437"]
[BlackElo "2362"]
[PlyCount "45"]
[EventDate "2015.01.19"]
[EventRounds "9"]
[EventCountry "BRA"]

1. e4 c5 2. Nf3 e6 3. d4 cxd4 4. Nxd4 a6 5. Bd3 Nf6 6. O-O Qc7 7. Nc3 Bc5 8.
Nb3 Be7 9. f4 d6 10. Qf3 Nbd7 11. Bd2 b6 12. Rae1 Bb7 13. Qg3 g6 14. Qh3 e5 15.
fxe5 Nxe5 16. Bh6 Rg8 17. Bg5 Nh5 18. Bxe7 Qxe7 19. Nd5 Bxd5 20. exd5 Qg5 21.
Nd4 Nf4 22. Qf3 Ne6 23. Rxe5 1-0

[Event "FLORIPA CHESS MASTERS 2015 - Norma de GM - ID CBX "]
[Site "FlorianÃ³polis/SC"]
[Date "2015.01.21"]
[Round "4"]
[Board "4"]
[White "Barbosa, Evandro Amorim"]
[Black "Quintiliano Pinto, Renato R."]
[Result "1/2-1/2"]
[WhiteElo "2449"]
[BlackElo "2364"]
[PlyCount "81"]
[EventDate "2015.01.19"]
[EventRounds "9"]
[EventCountry "BRA"]

1. e4 c5 2. Nf3 Nf6 3. e5 Nd5 4. Nc3 e6 5. Nxd5 exd5 6. d4 Nc6 7. dxc5 Bxc5 8.
Qxd5 Qb6 9. Bc4 Bxf2+ 10. Ke2 O-O 11. Rf1 Bc5 12. Ng5 Nd4+ 13. Kd1 Ne6 14. Ne4
Be7 15. Bd2 Qc6 16. Qd3 Nc5 17. Nxc5 Qxc5 18. Qd5 Qxd5 19. Bxd5 d6 20. Bb4 Be6
21. Bxe6 fxe6 22. Ke2 Rad8 23. Rxf8+ Bxf8 24. exd6 Bxd6 25. Rd1 Bc7 26. Rxd8+
Bxd8 27. c4 Bf6 28. b3 Kf7 29. Ke3 Ke8 30. Ke4 Kd7 31. Bc5 a6 32. Bd4 b5 33. c5
b4 34. Kd3 Bxd4 35. Kxd4 Kc6 36. h4 h5 37. Kc4 a5 38. Kd4 Kb5 39. g3 Kc6 40.
Ke4 Kb5 41. Kd4 1/2-1/2

[Event "FLORIPA CHESS MASTERS 2015 - Norma de GM - ID CBX "]
[Site "FlorianÃ³polis/SC"]
[Date "2015.01.21"]
[Round "4"]
[Board "5"]
[White "Stamenkovic, Dragan"]
[Black "Rodriguez Vila, Andres"]
[Result "1/2-1/2"]
[WhiteElo "2409"]
[BlackElo "2444"]
[PlyCount "27"]
[EventDate "2015.01.19"]
[EventRounds "9"]
[EventCountry "BRA"]

1. d4 d5 2. c4 c6 3. Nf3 Nf6 4. cxd5 cxd5 5. Nc3 Nc6 6. Bf4 a6 7. e3 e6 8. Bd3
Bd6 9. Bxd6 Qxd6 10. O-O O-O 11. Rc1 Bd7 12. a3 b5 13. b4 Rfc8 14. Nd2 1/2-1/2

[Event "FLORIPA CHESS MASTERS 2015 - Norma de GM - ID CBX "]
[Site "FlorianÃ³polis/SC"]
[Date "2015.01.22"]
[Round "5"]
[Board "1"]
[White "Rodriguez Vila, Andres"]
[Black "Paveto, Kevin"]
[Result "1-0"]
[WhiteElo "2444"]
[BlackElo "2437"]
[PlyCount "89"]
[EventDate "2015.01.19"]
[EventRounds "9"]
[EventCountry "BRA"]

1. e4 d5 2. exd5 Nf6 3. d4 Bf5 4. Bb5+ Bd7 5. Bd3 Nxd5 6. a3 g6 7. c4 Nb6 8.
Nc3 Bg7 9. c5 Nc8 10. Nge2 Nc6 11. d5 Ne5 12. Be4 c6 13. O-O O-O 14. Qb3 Qc7
15. Bf4 Rb8 16. Rac1 e6 17. d6 Qa5 18. Na2 Qb5 19. Nd4 Qxb3 20. Nxb3 f5 21. Bb1
Nf7 22. Rc2 e5 23. Bd2 b6 24. Nb4 Rb7 25. Na6 Be6 26. Ba2 Bd5 27. Bb4 Nd8 28.
Rd1 Bf7 29. d7 Ne7 30. cxb6 Bf6 31. Nbc5 Rxb6 32. Bxf7+ Kxf7 33. Ba5 Rb5 34.
Bxd8 Rxd8 35. Nc7 Rb6 36. N5e6 Ng8 37. Nxd8+ Bxd8 38. Ne8 Ne7 39. Nd6+ Ke6 40.
Nc4 Rb5 41. Rd6+ Kf7 42. a4 Rb4 43. Nxe5+ Kg7 44. Nxc6 Rxa4 45. Rd1 1-0

[Event "FLORIPA CHESS MASTERS 2015 - Norma de GM - ID CBX "]
[Site "FlorianÃ³polis/SC"]
[Date "2015.01.22"]
[Round "5"]
[Board "2"]
[White "Quintiliano Pinto, Renato R."]
[Black "Stamenkovic, Dragan"]
[Result "1-0"]
[WhiteElo "2364"]
[BlackElo "2409"]
[PlyCount "53"]
[EventDate "2015.01.19"]
[EventRounds "9"]
[EventCountry "BRA"]

1. d4 d5 2. c4 c6 3. Nc3 Nf6 4. e3 e6 5. Nf3 Nbd7 6. Qc2 Bd6 7. g4 h6 8. Rg1 e5
9. cxd5 cxd5 10. Nb5 Bb8 11. g5 hxg5 12. Nxg5 a6 13. Ne6 fxe6 14. Qg6+ Kf8 15.
Qxg7+ Ke8 16. Qxh8+ Nf8 17. Nc3 b5 18. Rg7 e4 19. Be2 Qd6 20. h4 Bd7 21. Rg6
N6h7 22. Rg8 Qe7 23. Bh5+ Kd8 24. Rg7 Qxh4 25. Rxh7 Bd6 26. Rxd7+ Kxd7 27. Be8+
 1-0

[Event "FLORIPA CHESS MASTERS 2015 - Norma de GM - ID CBX "]
[Site "FlorianÃ³polis/SC"]
[Date "2015.01.22"]
[Round "5"]
[Board "4"]
[White "Molina, Roberto Junio Brito"]
[Black "Feliciano Ebert, Vanessa"]
[Result "0-1"]
[WhiteElo "2408"]
[BlackElo "2290"]
[PlyCount "166"]
[EventDate "2015.01.19"]
[EventRounds "9"]
[EventCountry "BRA"]

1. d4 Nf6 2. Nf3 e6 3. g3 d5 4. Bg2 b5 5. O-O Nbd7 6. Bg5 Be7 7. a4 b4 8. a5
O-O 9. c4 bxc3 10. Nxc3 Ba6 11. Re1 h6 12. Bxf6 Nxf6 13. Ne5 Qd6 14. Na4 Nd7
15. e4 c6 16. Rc1 Nxe5 17. dxe5 Qb4 18. Qc2 d4 19. Nc5 Bb5 20. Bf1 Rfd8 21.
Bxb5 Qxb5 22. Red1 Rab8 23. Nd3 c5 24. Qc4 Qxa5 25. Ra1 Qb6 26. Ra6 Qb7 27. f3
Rd7 28. Kf1 Rc7 29. Rc1 Qb3 30. Ke2 Qb7 31. Rca1 Qa8 32. R1a2 Rbb7 33. Kf2 Qd8
34. Kg2 Bf8 35. Ra1 Qd7 36. Rc1 Qb5 37. Kf2 Be7 38. Qxb5 Rxb5 39. Rc4 Kf8 40.
b4 Ke8 41. Ra2 a5 42. bxc5 Kd8 43. Rac2 Kc8 44. Ke2 Kb7 45. f4 Kc6 46. g4 Rc8
47. Rxd4 Ra8 48. Ra4 Rb1 49. Rca2 Kb5 50. Rd4 Ra7 51. Rda4 Rh1 52. Ke3 Rb1 53.
Kd2 Rg1 54. Rb4+ axb4 55. Rxa7 Bxc5 56. Rxf7 Rg2+ 57. Kd1 Be3 58. Rb7+ Kc4 59.
Nxb4 Rd2+ 60. Ke1 Rb2 61. Rc7+ Kxb4 62. f5 Bf2+ 63. Kd1 Bc5 64. h4 Kc4 65. f6
gxf6 66. exf6 Rf2 67. g5 hxg5 68. hxg5 Kd3 69. Ke1 Bd4 70. Rd7 Re2+ 71. Kd1
Rd2+ 72. Ke1 Re2+ 73. Kd1 Rf2 74. Ke1 Re2+ 75. Kd1 e5 76. f7 Rf2 77. Ke1 Re2+
78. Kd1 Rf2 79. Ke1 Re2+ 80. Kd1 Ra2 81. Rxd4+ exd4 82. Kc1 Kc3 83. Kb1 Rb2+
 0-1

[Event "FLORIPA CHESS MASTERS 2015 - Norma de GM - ID CBX "]
[Site "FlorianÃ³polis/SC"]
[Date "2015.01.22"]
[Round "6"]
[Board "2"]
[White "Feliciano Ebert, Vanessa"]
[Black "Disconzi Da Silva, Rodrigo"]
[Result "1/2-1/2"]
[WhiteElo "2290"]
[BlackElo "2362"]
[PlyCount "161"]
[EventDate "2015.01.19"]
[EventRounds "9"]
[EventCountry "BRA"]

1. e4 c5 2. Nf3 d6 3. Bb5+ Nc6 4. Bxc6+ bxc6 5. O-O e5 6. c3 Bg4 7. Re1 Be7 8.
d4 cxd4 9. cxd4 Bf6 10. dxe5 Bxe5 11. Nbd2 Ne7 12. h3 Bh5 13. Nc4 Qc7 14. Ncxe5
dxe5 15. b3 O-O 16. Bb2 Rfd8 17. Qe2 Ng6 18. g4 Nf4 19. Qf1 Nd3 20. gxh5 Nxb2
21. Re3 Qd6 22. Qg2 Nd1 23. Re1 Nc3 24. Qg3 Qf6 25. Nh2 Nb5 26. Ng4 Qf4 27.
Nxe5 Qxg3+ 28. fxg3 Nd4 29. Rf1 Re8 30. Nxf7 Rxe4 31. Nd6 Re3 32. Kg2 Re6 33.
Nc4 a5 34. Rae1 a4 35. Rxe6 Nxe6 36. Nb6 Ra5 37. Nxa4 Rxh5 38. Rc1 c5 39. Nc3
Re5 40. Kf2 Nd4 41. g4 Re6 42. Re1 Rf6+ 43. Kg2 Rf3 44. Ne4 Rd3 45. Rf1 Ne6 46.
Rf3 Rd4 47. Re3 h6 48. Kg3 g5 49. a4 c4 50. bxc4 Nf4 51. c5 Nd5 52. Re1 Rxa4
53. Kf3 Ra3+ 54. Ke2 Rxh3 55. Kd2 Ra3 56. Rc1 Ra4 57. Nf2 Rf4 58. Ke2 Kf7 59.
c6 Nc7 60. Nd3 Re4+ 61. Kf3 Re6 62. Rc5 Ke7 63. Nb4 Rf6+ 64. Rf5 Rxf5+ 65. gxf5
h5 66. Ke4 Kd6 67. Nd3 Ne8 68. Ne5 Nf6+ 69. Kf3 g4+ 70. Kg2 Nd5 71. Nd3 Kxc6
72. Kg3 Kd6 73. Kh4 Ne3 74. Kxh5 g3 75. Ne1 Ke5 76. f6 Kxf6 77. Kh4 Nf5+ 78.
Kh3 Kg5 79. Ng2 Kf6 80. Ne3 Nxe3 81. Kxg3 1/2-1/2

[Event "FLORIPA CHESS MASTERS 2015 - Norma de GM - ID CBX "]
[Site "FlorianÃ³polis/SC"]
[Date "2015.01.22"]
[Round "6"]
[Board "3"]
[White "Barbosa, Evandro Amorim"]
[Black "Molina, Roberto Junio Brito"]
[Result "1/2-1/2"]
[WhiteElo "2449"]
[BlackElo "2408"]
[PlyCount "115"]
[EventDate "2015.01.19"]
[EventRounds "9"]
[EventCountry "BRA"]

1. e4 c5 2. Nf3 e6 3. d4 cxd4 4. Nxd4 Nc6 5. Nc3 Qc7 6. Be3 a6 7. Be2 Nf6 8. a3
Be7 9. f4 d6 10. g4 d5 11. e5 Ne4 12. Nxe4 dxe4 13. O-O O-O 14. c3 g5 15. Nxc6
bxc6 16. Qe1 gxf4 17. Bxf4 c5 18. Qg3 Bb7 19. Rf2 c4 20. Be3 Rad8 21. Raf1 Rd5
22. Bd4 Bc5 23. Qh4 Rxe5 24. Rf5 Rxf5 25. gxf5 Qe5 26. Bxc5 Qxc5+ 27. Rf2 Qe5
28. Qh6 e3 29. Rf3 Bxf3 30. f6 Qxf6 31. Qxf6 Bxe2 32. Qg5+ Kh8 33. Qxe3 Bd3 34.
Qe5+ Kg8 35. Qf6 Rb8 36. h4 h5 37. Qg5+ Bg6 38. Qf4 Rxb2 39. Qxc4 Rc2 40. Qd4
a5 41. Qd8+ Kg7 42. Qxa5 Bf5 43. a4 f6 44. Qc7+ Kg6 45. a5 Be4 46. a6 Ra2 47.
a7 Kf5 48. c4 e5 49. c5 Kf4 50. Qg7 f5 51. Qg5+ Kf3 52. Qxh5+ Ke3 53. Qg5+ Kf3
54. h5 Ra1+ 55. Kh2 Ke2 56. h6 Rh1+ 57. Kg3 Rg1+ 58. Kh4 1/2-1/2

[Event "FLORIPA CHESS MASTERS 2015 - Norma de GM - ID CBX "]
[Site "FlorianÃ³polis/SC"]
[Date "2015.01.22"]
[Round "6"]
[Board "5"]
[White "Rodriguez Vila, Andres"]
[Black "Quintiliano Pinto, Renato R."]
[Result "1-0"]
[WhiteElo "2444"]
[BlackElo "2364"]
[PlyCount "83"]
[EventDate "2015.01.19"]
[EventRounds "9"]
[EventCountry "BRA"]

1. e4 c5 2. Nc3 Nc6 3. Nge2 g6 4. d4 cxd4 5. Nxd4 Bg7 6. Be3 Nf6 7. Nb3 d6 8.
Be2 Be6 9. f4 Qc8 10. O-O O-O 11. Kh1 Rd8 12. Bd3 d5 13. e5 d4 14. exf6 exf6
15. Bd2 dxc3 16. Bxc3 f5 17. Bxg7 Kxg7 18. Qe1 Kg8 19. Rf3 Bxb3 20. axb3 Nd4
21. Rh3 Nxc2 22. Qh4 Nxa1 23. Qxh7+ Kf8 24. Qh8+ Ke7 25. Re3+ Kd6 26. Qe5+ Kc6
27. Be2 a6 28. b4 Kb6 29. Rc3 Nb3 30. Rxc8 Raxc8 31. h3 Ka7 32. Bf3 Nd2 33. Be2
Ka8 34. Qa5 Nb3 35. Qb6 Nd4 36. Bc4 Rd7 37. b3 Rc6 38. Qa5 b5 39. Bxf7 Kb7 40.
Be8 Rc1+ 41. Kh2 Rdc7 42. Bxg6 {Tempo} 1-0

[Event "FLORIPA CHESS MASTERS 2015 - Norma de GM - ID CBX "]
[Site "FlorianÃ³polis/SC"]
[Date "2015.01.23"]
[Round "7"]
[Board "1"]
[White "Quintiliano Pinto, Renato R."]
[Black "Paveto, Kevin"]
[Result "1-0"]
[WhiteElo "2364"]
[BlackElo "2437"]
[PlyCount "63"]
[EventDate "2015.01.19"]
[EventRounds "9"]
[EventCountry "BRA"]

1. d4 Nf6 2. c4 g6 3. Nc3 d5 4. Nf3 Bg7 5. Qa4+ Bd7 6. Qb3 dxc4 7. Qxc4 Bc6 8.
Bf4 O-O 9. Rd1 Nd5 10. Be5 Nxc3 11. Qxc3 f6 12. Bg3 Bd5 13. e3 c6 14. Bd3 f5
15. Bc4 Bxc4 16. Qxc4+ Qd5 17. Qb4 Qb5 18. Qxe7 Na6 19. Be5 Rf7 20. Qe6 Bf6 21.
a3 Be7 22. Rd2 Re8 23. Ng5 Bxg5 24. Qxe8+ Rf8 25. Qe6+ Rf7 26. h4 Be7 27. h5 g5
28. Bd6 Bxd6 29. Qxd6 f4 30. exf4 gxf4 31. Re2 Nc7 32. Re5 1-0

[Event "FLORIPA CHESS MASTERS 2015 - Norma de GM - ID CBX "]
[Site "FlorianÃ³polis/SC"]
[Date "2015.01.23"]
[Round "7"]
[Board "3"]
[White "Molina, Roberto Junio Brito"]
[Black "Stamenkovic, Dragan"]
[Result "1-0"]
[WhiteElo "2408"]
[BlackElo "2409"]
[PlyCount "107"]
[EventDate "2015.01.19"]
[EventRounds "9"]
[EventCountry "BRA"]

1. d4 d5 2. c4 c6 3. Nf3 Nf6 4. Nc3 e6 5. Bg5 Nbd7 6. e3 Qa5 7. cxd5 Nxd5 8.
Qd2 Bb4 9. Rc1 h6 10. Bh4 b6 11. a3 Bxc3 12. bxc3 Ba6 13. c4 Qxd2+ 14. Kxd2 Ne7
15. Bd3 c5 16. Rc3 Rc8 17. Rhc1 Bb7 18. Ne1 f6 19. f3 Kf7 20. Bf2 Rhd8 21. Ke2
cxd4 22. exd4 e5 23. d5 Ba6 24. Kd2 Nc5 25. Bxc5 Rxc5 26. Nc2 Bc8 27. Nb4 h5
28. Bb1 Bf5 29. Be4 Bg6 30. Nd3 Ra5 31. Ke3 Kf8 32. g4 hxg4 33. fxg4 Bxe4 34.
Kxe4 Kf7 35. h4 b5 36. Nc5 Rh8 37. Nb7 Ra4 38. Nd6+ Kf8 39. h5 a6 40. Rh1 Rh6
41. g5 fxg5 42. Kxe5 Ng6+ 43. hxg6 Rxh1 44. Rf3+ Ke7 45. Rf7+ Kd8 46. Nb7+ Kc8
47. c5 Re1+ 48. Kd6 Rf4 49. Rc7+ Kb8 50. Kc6 Rf6+ 51. d6 b4 52. axb4 Rxg6 53.
Na5 Rxd6+ 54. cxd6 1-0

[Event "FLORIPA CHESS MASTERS 2015 - Norma de GM - ID CBX "]
[Site "FlorianÃ³polis/SC"]
[Date "2015.01.23"]
[Round "7"]
[Board "4"]
[White "Disconzi Da Silva, Rodrigo"]
[Black "Barbosa, Evandro Amorim"]
[Result "0-1"]
[WhiteElo "2362"]
[BlackElo "2449"]
[PlyCount "54"]
[EventDate "2015.01.19"]
[EventRounds "9"]
[EventCountry "BRA"]

1. d4 Nf6 2. Nf3 g6 3. c4 Bg7 4. Nc3 d5 5. cxd5 Nxd5 6. Qa4+ Bd7 7. Qa3 Nxc3 8.
bxc3 b6 9. Bg5 c5 10. e3 O-O 11. Be2 Bc6 12. O-O Nd7 13. Rfd1 Qe8 14. Rab1 e5
15. d5 Bb7 16. Bb5 a6 17. Bxd7 Qxd7 18. Rxb6 e4 19. Ne1 Qg4 20. Rd2 Qxg5 21.
Rxb7 Rab8 22. Rxb8 Rxb8 23. d6 Rb1 24. Kf1 Bf6 25. d7 Kg7 26. Qxa6 Bxc3 27. Re2
Qd5 0-1